| 000 | 00874cam a2200241 a 4500 | ||
|---|---|---|---|
| 001 | 000013031 | ||
| 005 | 20200929163127.0 | ||
| 008 | 820301s1982 ilua b 001 0 eng | ||
| 020 | _a0256026769 | ||
| 040 |
_aDO-SdBNP _beng _cLC _dBNPHU |
||
| 082 |
_a362 _bZ38i |
||
| 100 | 1 |
_aZastrow, Charles. _930085 |
|
| 245 | 1 | 0 |
_aIntroduction to social welfare institutions : _bsocial problems, services, and current issues / _cCharles Zastrow. |
| 260 |
_aHomewood : _bDorsey Press, _c1982. |
||
| 300 |
_aix, 586 p. : _bil. ; _c25 cm. |
||
| 490 | 1 | 4 | _aThe Dorsey in Social Welfare |
| 650 | 4 |
_aServicio social _zEstados Unidos _930086 |
|
| 650 | 4 |
_aServicio social _xOrientación profesional _zEstados Unidos _930087 |
|
| 650 | 0 |
_aAsistencia pública _zEstados Unidos _930088 |
|
| 830 | 0 |
_aThe Dorsey in Social Welfare _930089 |
|
| 910 | _aCatalogación por copia / LC | ||
| 049 | _aBNGR | ||
| 999 |
_c12675 _d12675 |
||